000
00259nam a2200133Ia 4500
100
_a
Moore
942
_c
BK
654
_a
control
245
_a
Production Control
260
_b
McGraw Hill
_c
2001
082
_a
658.5
_b
MOO
546
_a
ENGLISH
999
_c
27330
_d
27330